US State Capitals Containing 'H' (Picture Click) Quiz Stats

 Plays Quiz not verified by Sporcle

Score 0/12 Timer 01:30
0 Plays Today
% Correct
Harrisburg
91%
Helena
87.9%
Tallahassee
86.9%
Raleigh
85.2%
Honolulu
84.4%
Hartford
82.9%
Cheyenne
82%
Phoenix
82%
Nashville
81.9%
Charleston
81.9%
Richmond
81.8%
Oklahoma City
77%

You're not logged in!

Compare scores with friends on all Sporcle quizzes.
OR
Log In

You Might Also Like...

Show Comments

Extras

Top Quizzes Today


Score Distribution

Your Account Isn't Verified!

In order to create a playlist on Sporcle, you need to verify the email address you used during registration. Go to your Sporcle Settings to finish the process.

Report this User

Report this user for behavior that violates our Community Guidelines.

Details: